Normal view
MARC view
Entry Personal Name
001 - CONTROL NUMBER
- control field: 61136
003 - CONTROL NUMBER IDENTIFIER
- control field: dpl
005 - DATE AND TIME OF LATEST TRANSACTION
- control field: 20240119122957.0
008 - FIXED-LENGTH DATA ELEMENTS
- fixed length control field: 240119|| aca||aabn | a|a d
040 ## - CATALOGING SOURCE
- Original cataloging agency: dpl
- Transcribing agency: dpl
100 ## - HEADING--PERSONAL NAME
- Personal name: पांडेय, अनुराग
670 ## - SOURCE DATA FOUND
- Source citation: Work cat.: (dpl)200286: पांडेय, अनुराग , भारतीय राजनीति अवधारणाएं एवं वाद -विवाद / , 2023
